The last song of Penelope (Record no. 5188)

MARC details
000 -CABECERA
campo de control de longitud fija 02095nam a22003137a 4500
008 - DATOS DE LONGITUD FIJA--INFORMACIÓN GENERAL
campo de control de longitud fija 251118b |||||||| |||| 00| 0 eng d
020 ## - NÚMERO INTERNACIONAL ESTÁNDAR DEL LIBRO
Número Internacional Estándar del Libro 9780356516141
040 ## - FUENTE DE LA CATALOGACIÓN
Centro/agencia transcriptor tbs
041 ## - CÓDIGO DE LENGUA
Código de lengua del texto/banda sonora o título independiente eng
100 ## - ENTRADA PRINCIPAL--NOMBRE DE PERSONA
Nombre de persona North, Claire
9 (RLIN) 26321
Término indicativo de función/relación author
245 ## - MENCIÓN DE TÍTULO
Título The last song of Penelope
Mención de responsabilidad, etc. / Claire North.
260 ## - PUBLICACIÓN, DISTRIBUCIÓN, ETC.
Lugar de publicación, distribución, etc. London :
Nombre del editor, distribuidor, etc. Orbit,
Fecha de publicación, distribución, etc. 2025.
300 ## - DESCRIPCIÓN FÍSICA
Extensión 388 pages ;
Dimensiones 20 cm.
490 ## - MENCIÓN DE SERIE
Mención de serie Songs of Penelope novel ;
Designación de volumen o secuencia bk. 3
520 ## - SUMARIO, ETC.
Sumario, etc. Many years ago, Odysseus sailed to war and never returned. For twenty years his wife Penelope and the women of Ithaca have guarded the isle against suitors and rival kings. But peace cannot be kept forever, and the balance of power is about to break... A beggar has arrived at the Palace. Salt-crusted and ocean-battered, he is scorned by the suitors - but Penelope recognises in him something terrible: her husband, Odysseus, returned at last. Yet this Odysseus is no hero. By returning to the island in disguise, he is not merely plotting his revenge against the suitors - vengeance that will spark a civil war - but he's testing the loyalty of his queen. Has she been faithful to him all these years? And how much blood is Odysseus willing to shed to be sure? The song of Penelope is ending, and the song of Odysseus must ring through Ithaca's halls. But first, Penelope must use all her cunning to win a war for the fate of the island and keep her family alive, whatever the cost...
650 #0 - PUNTO DE ACCESO ADICIONAL DE MATERIA--TÉRMINO DE MATERIA
Término de materia o nombre geográfico como elemento de entrada Electra (Greek mythological figure)
Subdivisión de forma Fiction
9 (RLIN) 26536
650 #0 - PUNTO DE ACCESO ADICIONAL DE MATERIA--TÉRMINO DE MATERIA
Término de materia o nombre geográfico como elemento de entrada Odysseus, King of Ithaca (Mythological character)
Subdivisión de forma Fiction
9 (RLIN) 26323
650 #0 - PUNTO DE ACCESO ADICIONAL DE MATERIA--TÉRMINO DE MATERIA
Término de materia o nombre geográfico como elemento de entrada Orestes, King of Argos (Mythological character)
Subdivisión de forma Fiction
9 (RLIN) 26537
650 #0 - PUNTO DE ACCESO ADICIONAL DE MATERIA--TÉRMINO DE MATERIA
Término de materia o nombre geográfico como elemento de entrada Penelope (Greek mythological character)
Subdivisión de forma Fiction
9 (RLIN) 26322
650 #0 - PUNTO DE ACCESO ADICIONAL DE MATERIA--TÉRMINO DE MATERIA
Término de materia o nombre geográfico como elemento de entrada Goddesses
Subdivisión geográfica Greece
Subdivisión de forma Fiction
9 (RLIN) 26538
650 #0 - PUNTO DE ACCESO ADICIONAL DE MATERIA--TÉRMINO DE MATERIA
Término de materia o nombre geográfico como elemento de entrada Gods
Subdivisión geográfica Greece
Subdivisión de forma Fiction
9 (RLIN) 26539
650 #0 - PUNTO DE ACCESO ADICIONAL DE MATERIA--TÉRMINO DE MATERIA
Término de materia o nombre geográfico como elemento de entrada Kings and rulers
Subdivisión de forma Fiction
9 (RLIN) 25383
650 #0 - PUNTO DE ACCESO ADICIONAL DE MATERIA--TÉRMINO DE MATERIA
Término de materia o nombre geográfico como elemento de entrada Queens
Subdivisión de forma Fiction
9 (RLIN) 26540
650 #0 - PUNTO DE ACCESO ADICIONAL DE MATERIA--TÉRMINO DE MATERIA
Término de materia o nombre geográfico como elemento de entrada Revenge
Subdivisión de forma Fiction
9 (RLIN) 11490
651 #0 - PUNTO DE ACCESO ADICIONAL DE MATERIA--NOMBRE GEOGRÁFICO
Nombre geográfico Ithaca Island (Greece)
Subdivisión de forma Fiction
9 (RLIN) 26324
655 #0 - TÉRMINO DE INDIZACIÓN--GÉNERO/FORMA
Datos o término principal de género/forma Historical fiction
9 (RLIN) 22722
655 #0 - TÉRMINO DE INDIZACIÓN--GÉNERO/FORMA
Datos o término principal de género/forma Mythological fiction
9 (RLIN) 26204
942 ## - ELEMENTOS DE ENTRADA AGREGADA (KOHA)
Fuente del sistema de clasificación o colocación Clasificación de Library of Congress
Holdings
Estado de retiro Estado de pérdida Fuente del sistema de clasificación o colocación Estado dañado No para préstamo Biblioteca de origen Biblioteca actual Fecha de adquisición Total de préstamos Signatura topográfica completa Código de barras Fecha visto por última vez Número de copia Precio válido a partir de Tipo de ítem Koha
    Clasificación de Library of Congress     TBS Barcelona TBS Barcelona 18/11/2025   P-EN NOR B05629 18/11/2025 1 18/11/2025 Book

Powered by Koha